ANIMAUX COMMENCANT PAR LA LETTRE B - Statistiques

Statistiques générales
  • Ce quiz a été pris 1 661 fois
  • Le résultat moyen est 6 sur 20
Statistiques - réponses
CLASSEMENT REPONSES % Correct
2 BALEINE
77%
1 BABOUIN
72%
14 BREBIS
52%
13 BOUC
50%
9 BISON
48%
7 BELETTE
38%
10 BLAIREAU
36%
17 BUSE
33%
11 BLATTE
25%
19 BOUQUETIN
25%
12 BONOBO
24%
20 BROCHET
17%
3 BARRACUDA
15%
6 BECASSE
15%
5 BAUDET
9%
4 BASILIC
8%
18 BUTOR
8%
8 BERNACHE
6%
15 BRUANT
4%
16 BUSART
2%
Aucun quiz correspondant
Distribution des résultats
% des personnes avec chaque résultat
Percentile par nombre de réponses
Votre historique - résultats
Vous n’avez pas pris ce quiz